000 01250cad a22002055a 4500
001 E151944
008 110111s2010 xxk f 000 0 eng d
035 _a(Sirsi) u151944
041 0 _aeng
110 2 _aRoyal Institution of Chartered Surveyors
_94900
245 0 0 _aProperty investment valuation in the UK
_ba brief guide for users of valuations
_h[electronic resource]
260 _aLondon
_bRICS
_c2010
500 _aThis item has been archived as valuation is now acknowledged to be more principles based.
520 _aA guide aimed at users of valuations which provides a general understanding of techniques used to value commercial property held for rental, commonly referred to as "investment property". It is not intended to provide training in valuation techniques but rather to give users of valuations and other interested laymen a general understanding of the mathematical techniques employed by professional valuers and the matters that need to be taken into account.
590 _aKA
651 4 _aUnited Kingdom
690 _aPROPERTY-PROPERTY APPRAISAL AND VALUATION
856 4 0 _uhttps://www.rics.org/profession-standards/knowledge-and-information-services
_zPlease email [email protected] for a copy
942 _n0
_2ddc
999 _c111749
_d111749